[Event "Rapid Tournament (RAP)"]
[Site "Biel, CH"]
[Date "2025.07.13"]
[Round "3"]
[White "Pardoen, Theodore"]
[Black "Tereshchenko, Eva"]
[Result "0-1"]
[Board "49"]
[WhiteFideId "282480"]
[BlackFideId "34389903"]
[WhiteElo "1711"]
[BlackElo "1892"]
[WhiteTeam "BEL"]
[BlackTeam "FID"]
[WhiteClock "0:00:38"]
[BlackClock "0:03:32"]
[Variant "Standard"]

1. e4 {[%clk 0:15:09]}  c5 {[%clk 0:15:09]} 2. c3 {[%clk 0:15:13]}  Nf6 {[%clk 0:15:13]} 3. e5 {[%clk 0:15:16]}  Nd5 {[%clk 0:15:17]} 4. d4 {[%clk 0:15:17]}  cxd4 {[%clk 0:15:20]} 5. cxd4 {[%clk 0:15:19]}  e6 {[%clk 0:15:24]} 6. Nc3 {[%clk 0:15:20]}  Nxc3 {[%clk 0:15:25]} 7. bxc3 {[%clk 0:15:23]}  d6 {[%clk 0:15:27]} 8. Nf3 {[%clk 0:15:21]}  Nc6 {[%clk 0:15:28]} 9. Bb5 {[%clk 0:15:22]}  dxe5 {[%clk 0:15:31]} 10. Nxe5 {[%clk 0:15:19]}  Bd7 {[%clk 0:15:35]} 11. Bxc6 {[%clk 0:15:15]}  Bxc6 {[%clk 0:15:36]} 12. Nxc6 {[%clk 0:15:16]}  bxc6 {[%clk 0:15:40]} 13. Bf4 {[%clk 0:15:00]}  Bd6 {[%clk 0:15:36]} 14. Qd2 {[%clk 0:15:10]}  O-O {[%clk 0:15:37]} 15. O-O {[%clk 0:15:11]}  c5 {[%clk 0:15:36]} 16. Rfd1 {[%clk 0:14:09]}  Bxf4 {[%clk 0:15:14]} 17. Qxf4 {[%clk 0:14:39]}  Rc8 {[%clk 0:14:20]} 18. dxc5 {[%clk 0:14:11]}  Qa5 {[%clk 0:11:55]} 19. Qb4 {[%clk 0:12:19]}  Qxc5 {[%clk 0:11:50]} 20. Rac1 {[%clk 0:11:43]}  Qe5 {[%clk 0:11:19]} 21. c4 {[%clk 0:10:34]}  Rc5 {[%clk 0:12:40]} 22. Re1 {[%clk 0:09:29]}  Qc7 {[%clk 0:12:20]} 23. Re2 {[%clk 0:09:01]}  Rb8 {[%clk 0:09:55]} 24. Qe1 {[%clk 0:06:33]}  Rxc4 {[%clk 0:12:06]} 25. Rxc4 {[%clk 0:06:33]}  Qxc4 {[%clk 0:12:08]} 26. h3 {[%clk 0:05:46]}  Qd3 {[%clk 0:11:41]} 27. Rd2 {[%clk 0:05:48]}  Qf5 {[%clk 0:11:03]} 28. Qc1 {[%clk 0:05:11]}  Qe5 {[%clk 0:08:49]} 29. Rd7 {[%clk 0:03:41]}  a5 {[%clk 0:07:44]} 30. g3 {[%clk 0:03:03]}  g6 {[%clk 0:07:07]} 31. a4 {[%clk 0:02:39]}  Qe4 {[%clk 0:06:02]} 32. Kh2 {[%clk 0:01:44]}  Rb1 {[%clk 0:05:37]} 33. Qc8+ {[%clk 0:01:13]}  Kg7 {[%clk 0:04:04]} 34. Qc3+ {[%clk 0:01:01]}  e5 {[%clk 0:03:57]} 35. g4 {[%clk 0:00:43]}  Rh1+ {[%clk 0:03:36]} 36. Kg3 {[%clk 0:00:46]}  Qf4+ {[%clk 0:03:39]} 37. Kh4 {[%clk 0:00:42]}  Qxf2+ {[%clk 0:03:34]} 38. Qg3 {[%clk 0:00:40]}  g5+ {[%clk 0:03:33]} 39. Kxg5 {[%clk 0:00:37]}  Qf6+ {[%clk 0:03:28]} 40. Kh5 {[%clk 0:00:38]}  Qh6# {[%clk 0:03:32]} 0-1

[Event "Rapid Tournament (RAP)"]
[Site "Biel, CH"]
[Date "2025.07.13"]
[Round "3"]
[White "Aryan Goyal"]
[Black "Nihal Saheer"]
[Result "0-1"]
[Board "50"]
[WhiteFideId "366108825"]
[BlackFideId "531012086"]
[WhiteElo "1884"]
[BlackElo "1615"]
[WhiteTeam "IND"]
[BlackTeam "IND"]
[WhiteClock "0:08:32"]
[BlackClock "0:03:37"]
[Variant "Standard"]

1. d4 {[%clk 0:15:09]}  d5 {[%clk 0:15:00]} 2. Nc3 {[%clk 0:15:12]}  Nf6 {[%clk 0:14:55]} 3. Bf4 {[%clk 0:15:14]}  c5 {[%clk 0:14:31]} 4. e3 {[%clk 0:15:15]}  a6 {[%clk 0:13:48]} 5. dxc5 {[%clk 0:15:00]}  Nc6 {[%clk 0:13:42]} 6. Nf3 {[%clk 0:15:03]}  Bg4 {[%clk 0:13:42]} 7. Be2 {[%clk 0:14:27]}  e6 {[%clk 0:13:25]} 8. Na4 {[%clk 0:14:22]}  Bxf3 {[%clk 0:12:15]} 9. Bxf3 {[%clk 0:14:23]}  Nd7 {[%clk 0:11:40]} 10. O-O {[%clk 0:13:25]}  Be7 {[%clk 0:09:56]} 11. c3 {[%clk 0:12:53]}  Nxc5 {[%clk 0:09:35]} 12. Nxc5 {[%clk 0:11:50]}  Bxc5 {[%clk 0:09:38]} 13. Qd2 {[%clk 0:11:11]}  O-O {[%clk 0:08:49]} 14. Rfd1 {[%clk 0:10:36]}  Ne7 {[%clk 0:07:18]} 15. e4 {[%clk 0:10:06]}  Rc8 {[%clk 0:05:13]} 16. exd5 {[%clk 0:09:58]}  exd5 {[%clk 0:05:05]} 17. Bxd5 {[%clk 0:09:38]}  Nxd5 {[%clk 0:05:09]} 18. Qxd5 {[%clk 0:09:36]}  Qb6 {[%clk 0:04:27]} 19. Qd2 {[%clk 0:09:35]}  Rfd8 {[%clk 0:04:19]} 20. Qc2 {[%clk 0:09:34]}  Re8 {[%clk 0:04:04]} 21. Re1 {[%clk 0:09:29]}  Re6 {[%clk 0:03:51]} 22. Re2 {[%clk 0:08:39]}  Rce8 {[%clk 0:03:45]} 23. Rae1 {[%clk 0:08:32]}  Bxf2+ {[%clk 0:03:37]} 0-1

[Event "Rapid Tournament (RAP)"]
[Site "Biel, CH"]
[Date "2025.07.13"]
[Round "3"]
[White "Avilova, Yulia"]
[Black "Ranieri, Pierpaolo"]
[Result "1-0"]
[Board "51"]
[WhiteFideId "34166073"]
[BlackFideId "893986"]
[WhiteElo "1708"]
[BlackElo "1882"]
[WhiteTeam "SUI"]
[BlackTeam "ITA"]
[WhiteClock "0:00:30"]
[BlackClock "0:00:06"]
[Variant "Standard"]

1. Nf3 {[%clk 0:15:09]}  f5 {[%clk 0:15:08]} 2. d4 {[%clk 0:15:11]}  Nf6 {[%clk 0:15:11]} 3. c4 {[%clk 0:15:15]}  g6 {[%clk 0:15:11]} 4. Nc3 {[%clk 0:15:18]}  Bg7 {[%clk 0:15:14]} 5. e3 {[%clk 0:15:22]}  d6 {[%clk 0:15:14]} 6. Bd3 {[%clk 0:15:00]}  O-O {[%clk 0:15:10]} 7. d5 {[%clk 0:15:01]}  e5 {[%clk 0:15:06]} 8. e4 {[%clk 0:14:55]}  a5 {[%clk 0:14:59]} 9. O-O {[%clk 0:14:52]}  Na6 {[%clk 0:15:00]} 10. Re1 {[%clk 0:14:35]}  Nc5 {[%clk 0:15:00]} 11. Bg5 {[%clk 0:14:24]}  h6 {[%clk 0:14:52]} 12. Bxf6 {[%clk 0:13:50]}  Qxf6 {[%clk 0:14:54]} 13. Bc2 {[%clk 0:13:47]}  g5 {[%clk 0:14:18]} 14. exf5 {[%clk 0:12:52]}  Bxf5 {[%clk 0:14:03]} 15. Re2 {[%clk 0:11:20]}  h5 {[%clk 0:13:25]} 16. Bxf5 {[%clk 0:10:27]}  Qxf5 {[%clk 0:13:28]} 17. Qd2 {[%clk 0:10:29]}  Bh6 {[%clk 0:09:53]} 18. h4 {[%clk 0:10:21]}  g4 {[%clk 0:09:23]} 19. Qxh6 {[%clk 0:09:45]}  gxf3 {[%clk 0:09:23]} 20. Re3 {[%clk 0:07:24]}  Qg4 {[%clk 0:06:32]} 21. Qg5+ {[%clk 0:05:57]}  Qxg5 {[%clk 0:06:34]} 22. hxg5 {[%clk 0:06:01]}  fxg2 {[%clk 0:06:32]} 23. Kxg2 {[%clk 0:06:04]}  Rf4 {[%clk 0:06:12]} 24. Rh1 {[%clk 0:05:17]}  h4 {[%clk 0:05:57]} 25. f3 {[%clk 0:05:05]}  Raf8 {[%clk 0:05:17]} 26. b3 {[%clk 0:05:01]}  Kg7 {[%clk 0:05:10]} 27. Ne2 {[%clk 0:02:25]}  R4f5 {[%clk 0:05:13]} 28. Rxh4 {[%clk 0:02:26]}  Rxg5+ {[%clk 0:05:13]} 29. Rg4 {[%clk 0:02:27]}  Kg6 {[%clk 0:05:13]} 30. Kg3 {[%clk 0:01:38]}  Rh8 {[%clk 0:05:10]} 31. f4 {[%clk 0:01:21]}  Rxg4+ {[%clk 0:04:45]} 32. Kxg4 {[%clk 0:01:25]}  Nd7 {[%clk 0:03:55]} 33. Ng3 {[%clk 0:00:39]}  Rh2 {[%clk 0:03:23]} 34. Nf5 {[%clk 0:00:20]}  Nf6+ {[%clk 0:03:17]} 35. Kg3 {[%clk 0:00:20]}  Rxa2 {[%clk 0:03:03]} 36. Ne7+ {[%clk 0:00:11]}  Kf7 {[%clk 0:03:06]} 37. fxe5 {[%clk 0:00:10]}  dxe5 {[%clk 0:02:36]} 38. Rxe5 {[%clk 0:00:11]}  Rc2 {[%clk 0:02:32]} 39. Nf5 {[%clk 0:00:13]}  Kg6 {[%clk 0:02:11]} 40. Nh4+ {[%clk 0:00:17]}  Kf7 {[%clk 0:02:14]} 41. Re3 {[%clk 0:00:18]}  Rc1 {[%clk 0:02:05]} 42. Nf3 {[%clk 0:00:20]}  Nd7 {[%clk 0:01:45]} 43. Ng5+ {[%clk 0:00:19]}  Kf6 {[%clk 0:01:42]} 44. Ne6 {[%clk 0:00:21]}  c6 {[%clk 0:01:33]} 45. dxc6 {[%clk 0:00:16]}  bxc6 {[%clk 0:01:35]} 46. Nd4 {[%clk 0:00:16]}  Ne5 {[%clk 0:01:27]} 47. Kf4 {[%clk 0:00:15]}  Rf1+ {[%clk 0:00:42]} 48. Kg3 {[%clk 0:00:15]}  c5 {[%clk 0:00:35]} 49. Ne2 {[%clk 0:00:12]}  Rd1 {[%clk 0:00:29]} 50. Nc3 {[%clk 0:00:10]}  Kf5 {[%clk 0:00:19]} 51. Nxd1 {[%clk 0:00:06]}  Nc6 {[%clk 0:00:15]} 52. Rf3+ {[%clk 0:00:09]}  Ke4 {[%clk 0:00:19]} 53. Nc3+ {[%clk 0:00:08]}  Kd4 {[%clk 0:00:23]} 54. Nb5+ {[%clk 0:00:12]}  Ke4 {[%clk 0:00:27]} 55. Rf6 {[%clk 0:00:15]}  Nd4 {[%clk 0:00:30]} 56. Nd6+ {[%clk 0:00:18]}  Ke5 {[%clk 0:00:29]} 57. Rh6 {[%clk 0:00:21]}  Nxb3 {[%clk 0:00:32]} 58. Nb7 {[%clk 0:00:22]}  Kd4 {[%clk 0:00:35]} 59. Rh4+ {[%clk 0:00:26]}  Kc3 {[%clk 0:00:39]} 60. Kf2 {[%clk 0:00:28]}  a4 {[%clk 0:00:41]} 61. Nd6 {[%clk 0:00:26]}  a3 {[%clk 0:00:41]} 62. Rh3+ {[%clk 0:00:19]}  Kb2 {[%clk 0:00:37]} 63. Ke3 {[%clk 0:00:22]}  a2 {[%clk 0:00:45]} 64. Rh2+ {[%clk 0:00:25]}  Ka3 {[%clk 0:00:34]} 65. Nb5+ {[%clk 0:00:28]}  Kb4 {[%clk 0:00:37]} 66. Rxa2 {[%clk 0:00:31]}  Kxc4 {[%clk 0:00:39]} 67. Nd6+ {[%clk 0:00:33]}  Kd5 {[%clk 0:00:36]} 68. Nf5 {[%clk 0:00:36]}  Kc4 {[%clk 0:00:35]} 69. Rc2+ {[%clk 0:00:37]}  Kb4 {[%clk 0:00:36]} 70. Nd6 {[%clk 0:00:33]}  Na5 {[%clk 0:00:09]} 71. Ne4 {[%clk 0:00:34]}  c4 {[%clk 0:00:06]} 72. Nd6 {[%clk 0:00:30]} 1-0

[Event "Rapid Tournament (RAP)"]
[Site "Biel, CH"]
[Date "2025.07.13"]
[Round "3"]
[White "Burri, Nicolas"]
[Black "Schreiber, Edwin"]
[Result "1/2-1/2"]
[Board "52"]
[WhiteFideId "1361449"]
[BlackFideId "2011921"]
[WhiteElo "1695"]
[BlackElo "1863"]
[WhiteTeam "SUI"]
[BlackTeam "USA"]
[WhiteClock "0:00:13"]
[BlackClock "0:00:48"]
[Variant "Standard"]

1. d4 {[%clk 0:15:08]}  Nf6 {[%clk 0:15:06]} 2. c4 {[%clk 0:15:11]}  e5 {[%clk 0:15:10]} 3. e3 {[%clk 0:14:49]}  Bb4+ {[%clk 0:14:49]} 4. Bd2 {[%clk 0:14:30]}  Bxd2+ {[%clk 0:14:33]} 5. Nxd2 {[%clk 0:14:31]}  exd4 {[%clk 0:14:33]} 6. exd4 {[%clk 0:14:12]}  O-O {[%clk 0:14:26]} 7. Ngf3 {[%clk 0:13:56]}  d5 {[%clk 0:14:11]} 8. b3 {[%clk 0:12:59]}  Re8+ {[%clk 0:13:57]} 9. Be2 {[%clk 0:12:44]}  Qe7 {[%clk 0:13:12]} 10. h3 {[%clk 0:11:41]}  Nc6 {[%clk 0:13:03]} 11. Nb1 {[%clk 0:09:54]}  Bf5 {[%clk 0:12:36]} 12. Nc3 {[%clk 0:09:45]}  dxc4 {[%clk 0:12:01]} 13. bxc4 {[%clk 0:09:13]}  Nb4 {[%clk 0:11:13]} 14. O-O {[%clk 0:08:21]}  Rad8 {[%clk 0:10:52]} 15. Rc1 {[%clk 0:07:15]}  Ne4 {[%clk 0:10:05]} 16. Re1 {[%clk 0:06:05]}  Nxc3 {[%clk 0:09:38]} 17. Rxc3 {[%clk 0:05:53]}  Qf6 {[%clk 0:09:28]} 18. a3 {[%clk 0:04:18]}  Nc6 {[%clk 0:09:28]} 19. Re3 {[%clk 0:03:25]}  Rxe3 {[%clk 0:08:00]} 20. fxe3 {[%clk 0:03:28]}  Qe7 {[%clk 0:06:49]} 21. Bd3 {[%clk 0:03:07]}  Bxd3 {[%clk 0:05:23]} 22. Qxd3 {[%clk 0:03:10]}  Ne5 {[%clk 0:05:03]} 23. Nxe5 {[%clk 0:02:15]}  Qxe5 {[%clk 0:05:05]} 24. Qb3 {[%clk 0:02:15]}  Qa5 {[%clk 0:04:58]} 25. Qb4 {[%clk 0:01:37]}  b6 {[%clk 0:03:27]} 26. Qxa5 {[%clk 0:01:30]}  bxa5 {[%clk 0:03:31]} 27. Rb1 {[%clk 0:01:34]}  Re8 {[%clk 0:03:22]} 28. Kf2 {[%clk 0:01:37]}  g6 {[%clk 0:03:12]} 29. Rb7 {[%clk 0:01:37]}  Re6 {[%clk 0:03:11]} 30. Rxc7 {[%clk 0:01:28]}  Rb6 {[%clk 0:02:50]} 31. c5 {[%clk 0:01:01]}  Rb3 {[%clk 0:02:33]} 32. Rxa7 {[%clk 0:00:58]}  Rxa3 {[%clk 0:02:33]} 33. c6 {[%clk 0:01:01]}  Rc3 {[%clk 0:02:36]} 34. d5 {[%clk 0:01:01]}  Kg7 {[%clk 0:02:14]} 35. c7 {[%clk 0:01:03]}  Kf6 {[%clk 0:02:04]} 36. Rxa5 {[%clk 0:00:18]}  Rxc7 {[%clk 0:02:06]} 37. Kf3 {[%clk 0:00:21]}  Ke5 {[%clk 0:02:03]} 38. e4 {[%clk 0:00:24]}  Rc3+ {[%clk 0:02:01]} 39. Ke2 {[%clk 0:00:15]}  Kxe4 {[%clk 0:01:57]} 40. Ra7 {[%clk 0:00:09]}  Rc2+ {[%clk 0:01:55]} 41. Kd1 {[%clk 0:00:11]}  Rxg2 {[%clk 0:01:36]} 42. d6 {[%clk 0:00:15]}  Rg5 {[%clk 0:01:36]} 43. Ra4+ {[%clk 0:00:16]}  Kd3 {[%clk 0:01:33]} 44. Ra3+ {[%clk 0:00:13]}  Kc4 {[%clk 0:00:50]} 45. Ra2 {[%clk 0:00:13]}  Kd3 {[%clk 0:00:48]} 46. Ra4 {[%clk 0:00:13]} 1/2-1/2

[Event "Rapid Tournament (RAP)"]
[Site "Biel, CH"]
[Date "2025.07.13"]
[Round "3"]
[White "Anetov, Amirzhan"]
[Black "Cloete, Willem Francois"]
[Result "1-0"]
[Board "53"]
[WhiteFideId "13784951"]
[BlackFideId "14358387"]
[WhiteElo "1856"]
[BlackElo "1567"]
[WhiteTeam "KAZ"]
[BlackTeam "RSA"]
[WhiteClock "0:11:38"]
[BlackClock "0:00:10"]
[Variant "Standard"]

1. Nf3 {[%clk 0:15:10]}  Nf6 {[%clk 0:15:07]} 2. b3 {[%clk 0:15:14]}  g6 {[%clk 0:15:04]} 3. Bb2 {[%clk 0:15:18]}  Bg7 {[%clk 0:15:03]} 4. e4 {[%clk 0:15:22]}  Nxe4 {[%clk 0:14:42]} 5. Bxg7 {[%clk 0:15:24]}  f6 {[%clk 0:14:34]} 6. Bxh8 {[%clk 0:15:27]}  Kf7 {[%clk 0:14:31]} 7. Bc4+ {[%clk 0:15:31]}  d5 {[%clk 0:14:29]} 8. Qe2 {[%clk 0:15:35]}  c6 {[%clk 0:14:13]} 9. Qxe4 {[%clk 0:15:37]}  dxc4 {[%clk 0:14:05]} 10. Qxc4+ {[%clk 0:15:37]}  Be6 {[%clk 0:14:00]} 11. Qf4 {[%clk 0:15:41]}  Kg8 {[%clk 0:13:19]} 12. Qe3 {[%clk 0:15:32]}  Bf7 {[%clk 0:12:40]} 13. h4 {[%clk 0:15:30]}  Kxh8 {[%clk 0:12:04]} 14. h5 {[%clk 0:15:34]}  g5 {[%clk 0:11:29]} 15. Nc3 {[%clk 0:15:36]}  Na6 {[%clk 0:10:34]} 16. h6 {[%clk 0:15:39]}  Nb4 {[%clk 0:10:05]} 17. O-O-O {[%clk 0:15:41]}  a5 {[%clk 0:09:15]} 18. Nxg5 {[%clk 0:15:44]}  Bg6 {[%clk 0:08:31]} 19. Qg3 {[%clk 0:15:30]}  Qd7 {[%clk 0:06:39]} 20. Rh4 {[%clk 0:13:42]}  Rd8 {[%clk 0:04:22]} 21. Rg4 {[%clk 0:13:30]}  Qf5 {[%clk 0:03:09]} 22. Nge4 {[%clk 0:13:06]}  a4 {[%clk 0:02:30]} 23. Qc7 {[%clk 0:12:33]}  Re8 {[%clk 0:01:43]} 24. Rf4 {[%clk 0:12:22]}  Qe5 {[%clk 0:00:58]} 25. Qxe5 {[%clk 0:12:13]}  fxe5 {[%clk 0:00:59]} 26. Rh4 {[%clk 0:11:59]}  a3 {[%clk 0:00:16]} 27. d3 {[%clk 0:11:50]}  Kg8 {[%clk 0:00:06]} 28. Re1 {[%clk 0:11:44]}  b5 {[%clk 0:00:07]} 29. Nc5 {[%clk 0:11:45]}  Rf8 {[%clk 0:00:08]} 30. Rxb4 {[%clk 0:11:47]}  Rxf2 {[%clk 0:00:10]} 31. Rxe5 {[%clk 0:11:39]}  Rxg2 {[%clk 0:00:12]} 32. Rxe7 {[%clk 0:11:41]}  Kf8 {[%clk 0:00:11]} 33. Rg7 {[%clk 0:11:32]}  Rh2 {[%clk 0:00:08]} 34. Ne6+ {[%clk 0:11:33]}  Ke8 {[%clk 0:00:10]} 35. Rd4 {[%clk 0:11:37]}  Rxh6 {[%clk 0:00:10]} 36. Rd8# {[%clk 0:11:38]} 1-0

[Event "Rapid Tournament (RAP)"]
[Site "Biel, CH"]
[Date "2025.07.13"]
[Round "3"]
[White "Anetov, Aisultan"]
[Black "Rosen, Noah"]
[Result "1/2-1/2"]
[Board "54"]
[WhiteFideId "13784943"]
[BlackFideId "1356267"]
[WhiteElo "1610"]
[BlackElo "1849"]
[WhiteTeam "KAZ"]
[BlackTeam "SUI"]
[WhiteClock "0:03:22"]
[BlackClock "0:00:12"]
[Variant "Standard"]

1. Nf3 {[%clk 0:15:08]}  Nf6 {[%clk 0:15:08]} 2. b3 {[%clk 0:15:12]}  g6 {[%clk 0:15:10]} 3. Bb2 {[%clk 0:15:10]}  Bg7 {[%clk 0:15:13]} 4. e4 {[%clk 0:15:09]}  d6 {[%clk 0:15:12]} 5. d3 {[%clk 0:14:47]}  O-O {[%clk 0:15:11]} 6. Nbd2 {[%clk 0:14:50]}  c5 {[%clk 0:14:45]} 7. Be2 {[%clk 0:14:53]}  Nc6 {[%clk 0:14:48]} 8. O-O {[%clk 0:14:55]}  b5 {[%clk 0:14:14]} 9. a3 {[%clk 0:14:59]}  a5 {[%clk 0:14:11]} 10. c4 {[%clk 0:15:03]}  b4 {[%clk 0:14:03]} 11. axb4 {[%clk 0:14:56]}  Nxb4 {[%clk 0:14:04]} 12. Rb1 {[%clk 0:14:28]}  Qd7 {[%clk 0:13:02]} 13. Re1 {[%clk 0:14:29]}  a4 {[%clk 0:13:00]} 14. bxa4 {[%clk 0:14:33]}  Rxa4 {[%clk 0:13:03]} 15. e5 {[%clk 0:14:25]}  Ng4 {[%clk 0:11:56]} 16. exd6 {[%clk 0:14:13]}  exd6 {[%clk 0:11:21]} 17. Bxg7 {[%clk 0:14:00]}  Kxg7 {[%clk 0:11:24]} 18. Nf1 {[%clk 0:13:50]}  Bb7 {[%clk 0:10:29]} 19. Ng3 {[%clk 0:13:46]}  Ra2 {[%clk 0:10:07]} 20. d4 {[%clk 0:13:19]}  Qa4 {[%clk 0:08:16]} 21. Qxa4 {[%clk 0:13:03]}  Rxa4 {[%clk 0:08:19]} 22. dxc5 {[%clk 0:13:06]}  dxc5 {[%clk 0:08:22]} 23. h3 {[%clk 0:12:45]}  Nf6 {[%clk 0:08:23]} 24. Nd2 {[%clk 0:12:15]}  Ra2 {[%clk 0:08:09]} 25. Nb3 {[%clk 0:12:14]}  Nc2 {[%clk 0:05:41]} 26. Red1 {[%clk 0:11:42]}  Be4 {[%clk 0:03:45]} 27. Nxe4 {[%clk 0:11:25]}  Nxe4 {[%clk 0:03:48]} 28. Bd3 {[%clk 0:11:21]}  Nc3 {[%clk 0:03:50]} 29. Nxc5 {[%clk 0:09:00]}  Nxb1 {[%clk 0:03:19]} 30. Rxb1 {[%clk 0:09:03]}  Nd4 {[%clk 0:03:22]} 31. Rb7 {[%clk 0:08:33]}  Re8 {[%clk 0:03:08]} 32. Ne4 {[%clk 0:08:09]}  Ra3 {[%clk 0:03:02]} 33. Bb1 {[%clk 0:07:37]}  Ra1 {[%clk 0:03:05]} 34. Nc3 {[%clk 0:07:04]}  Ne2+ {[%clk 0:03:01]} 35. Nxe2 {[%clk 0:07:07]}  Rxe2 {[%clk 0:03:04]} 36. Kh2 {[%clk 0:07:02]}  Rxf2 {[%clk 0:03:05]} 37. c5 {[%clk 0:06:48]}  Rf1 {[%clk 0:02:41]} 38. Be4 {[%clk 0:06:43]}  Rac1 {[%clk 0:02:06]} 39. c6 {[%clk 0:06:42]}  Kf6 {[%clk 0:01:53]} 40. c7 {[%clk 0:06:29]}  Ke5 {[%clk 0:01:35]} 41. Bf3 {[%clk 0:06:23]}  Kd6 {[%clk 0:01:00]} 42. c8=N+ {[%clk 0:05:41]}  Rxc8 {[%clk 0:01:01]} 43. Rxf7 {[%clk 0:05:45]}  Rc7 {[%clk 0:00:51]} 44. Rf6+ {[%clk 0:05:45]}  Ke5 {[%clk 0:00:53]} 45. Rf8 {[%clk 0:05:47]}  h5 {[%clk 0:00:42]} 46. Re8+ {[%clk 0:05:46]}  Kf6 {[%clk 0:00:42]} 47. Rf8+ {[%clk 0:04:12]}  Kg7 {[%clk 0:00:46]} 48. Rf4 {[%clk 0:04:15]}  Rcc1 {[%clk 0:00:47]} 49. h4 {[%clk 0:04:14]}  Rc3 {[%clk 0:00:27]} 50. Rd4 {[%clk 0:03:55]}  Kf6 {[%clk 0:00:26]} 51. Rf4+ {[%clk 0:03:53]}  Ke5 {[%clk 0:00:26]} 52. Re4+ {[%clk 0:03:56]}  Kf5 {[%clk 0:00:24]} 53. Rd4 {[%clk 0:03:19]}  Rfc1 {[%clk 0:00:14]} 54. Rd5+ {[%clk 0:03:18]}  Kf6 {[%clk 0:00:15]} 55. Rd6+ {[%clk 0:03:21]}  Kf5 {[%clk 0:00:09]} 56. Rd5+ {[%clk 0:03:22]}  Kf6 {[%clk 0:00:12]} 1/2-1/2

[Event "Rapid Tournament (RAP)"]
[Site "Biel, CH"]
[Date "2025.07.13"]
[Round "3"]
[White "Mazzeo, Luigi"]
[Black "Letac, Loig"]
[Result "0-1"]
[Board "55"]
[WhiteFideId "1367510"]
[BlackFideId "1367927"]
[WhiteElo "1658"]
[BlackElo "1847"]
[WhiteTeam "SUI"]
[BlackTeam "SUI"]
[WhiteClock "0:01:52"]
[BlackClock "0:01:18"]
[Variant "Standard"]

1. e4 {[%clk 0:15:09]}  c5 {[%clk 0:15:08]} 2. Nf3 {[%clk 0:15:11]}  d6 {[%clk 0:15:11]} 3. Nc3 {[%clk 0:15:15]}  Nf6 {[%clk 0:15:14]} 4. e5 {[%clk 0:15:18]}  dxe5 {[%clk 0:15:17]} 5. Nxe5 {[%clk 0:15:21]}  a6 {[%clk 0:15:06]} 6. g3 {[%clk 0:15:11]}  Qc7 {[%clk 0:14:53]} 7. Nf3 {[%clk 0:14:43]}  b6 {[%clk 0:14:43]} 8. Bg2 {[%clk 0:14:46]}  Bb7 {[%clk 0:14:46]} 9. O-O {[%clk 0:14:49]}  e6 {[%clk 0:14:50]} 10. Re1 {[%clk 0:14:51]}  Be7 {[%clk 0:14:54]} 11. b3 {[%clk 0:14:46]}  O-O {[%clk 0:14:48]} 12. Bb2 {[%clk 0:14:49]}  Nbd7 {[%clk 0:14:43]} 13. d3 {[%clk 0:14:19]}  Rad8 {[%clk 0:14:11]} 14. Qe2 {[%clk 0:14:20]}  b5 {[%clk 0:12:53]} 15. Rad1 {[%clk 0:14:10]}  Nb6 {[%clk 0:12:55]} 16. h3 {[%clk 0:12:10]}  Nfd5 {[%clk 0:12:25]} 17. Ne4 {[%clk 0:11:42]}  Nd7 {[%clk 0:11:41]} 18. c4 {[%clk 0:11:12]}  N5f6 {[%clk 0:11:35]} 19. Nfd2 {[%clk 0:09:25]}  Rfe8 {[%clk 0:08:56]} 20. Qf3 {[%clk 0:08:07]}  Nxe4 {[%clk 0:07:20]} 21. Nxe4 {[%clk 0:08:10]}  Ba8 {[%clk 0:06:24]} 22. Qg4 {[%clk 0:07:41]}  Bf8 {[%clk 0:06:00]} 23. Qh5 {[%clk 0:05:52]}  Bxe4 {[%clk 0:04:01]} 24. Bxe4 {[%clk 0:05:55]}  g6 {[%clk 0:04:04]} 25. Qf3 {[%clk 0:04:26]}  Bg7 {[%clk 0:04:05]} 26. Bxg7 {[%clk 0:04:00]}  Kxg7 {[%clk 0:04:08]} 27. Bc6 {[%clk 0:02:55]}  b4 {[%clk 0:03:31]} 28. d4 {[%clk 0:02:40]}  Rc8 {[%clk 0:01:56]} 29. d5 {[%clk 0:02:39]}  e5 {[%clk 0:01:49]} 30. Qg4 {[%clk 0:02:05]}  f5 {[%clk 0:01:45]} 31. Qg5 {[%clk 0:01:51]}  Qd6 {[%clk 0:01:41]} 32. h4 {[%clk 0:01:48]}  Re7 {[%clk 0:01:28]} 33. h5 {[%clk 0:01:45]}  e4 {[%clk 0:01:19]} 34. h6+ {[%clk 0:01:42]}  Kf7 {[%clk 0:01:10]} 35. Re3 {[%clk 0:01:36]}  Ne5 {[%clk 0:01:14]} 36. Qf4 {[%clk 0:01:28]}  Rxc6 {[%clk 0:01:06]} 37. Rxe4 {[%clk 0:01:14]}  Rcc7 {[%clk 0:00:56]} 38. Rde1 {[%clk 0:01:14]}  Kf6 {[%clk 0:00:25]} 39. g4 {[%clk 0:00:47]}  Rcd7 {[%clk 0:00:22]} 40. g5+ {[%clk 0:00:45]}  Kf7 {[%clk 0:00:08]} 41. Rxe5 {[%clk 0:01:04]}  Rxe5 {[%clk 0:00:11]} 42. Rxe5 {[%clk 0:01:05]}  Re7 {[%clk 0:00:12]} 43. Rxe7+ {[%clk 0:01:01]}  Qxe7 {[%clk 0:00:16]} 44. Qe3 {[%clk 0:01:02]}  Qd6 {[%clk 0:00:20]} 45. Kg2 {[%clk 0:01:04]}  f4 {[%clk 0:00:25]} 46. Qe6+ {[%clk 0:01:07]}  Qxe6 {[%clk 0:00:29]} 47. dxe6+ {[%clk 0:01:11]}  Kxe6 {[%clk 0:00:33]} 48. Kf3 {[%clk 0:01:14]}  Kf5 {[%clk 0:00:32]} 49. Ke2 {[%clk 0:01:15]}  Kxg5 {[%clk 0:00:42]} 50. f3 {[%clk 0:01:19]}  Kxh6 {[%clk 0:00:45]} 51. Kd3 {[%clk 0:01:23]}  Kh5 {[%clk 0:00:49]} 52. Ke4 {[%clk 0:01:27]}  Kg5 {[%clk 0:00:53]} 53. Kd5 {[%clk 0:01:31]}  h5 {[%clk 0:00:57]} 54. Kxc5 {[%clk 0:01:30]}  h4 {[%clk 0:01:01]} 55. Kxb4 {[%clk 0:01:28]}  h3 {[%clk 0:01:05]} 56. c5 {[%clk 0:01:39]}  h2 {[%clk 0:01:05]} 57. c6 {[%clk 0:01:39]}  h1=Q {[%clk 0:01:05]} 58. c7 {[%clk 0:01:52]}  Qh8 {[%clk 0:01:18]} 0-1

[Event "Rapid Tournament (RAP)"]
[Site "Biel, CH"]
[Date "2025.07.13"]
[Round "4"]
[White "Banh Gia Huy"]
[Black "Bok, Benjamin"]
[Result "1/2-1/2"]
[Board "1"]
[WhiteFideId "12424714"]
[BlackFideId "1017063"]
[WhiteTitle "IM"]
[BlackTitle "GM"]
[WhiteElo "2261"]
[BlackElo "2585"]
[WhiteTeam "VIE"]
[BlackTeam "NED"]
[WhiteClock "0:14:50"]
[BlackClock "0:06:48"]
[Variant "Standard"]

1. c4 {[%clk 0:15:05]}  Nf6 {[%clk 0:14:32]} 2. Nf3 {[%clk 0:15:07]}  e6 {[%clk 0:14:33]} 3. g3 {[%clk 0:15:10]}  d5 {[%clk 0:14:27]} 4. Bg2 {[%clk 0:15:14]}  Be7 {[%clk 0:14:16]} 5. O-O {[%clk 0:15:15]}  O-O {[%clk 0:14:18]} 6. b3 {[%clk 0:15:18]}  b6 {[%clk 0:13:16]} 7. Bb2 {[%clk 0:15:21]}  Bb7 {[%clk 0:13:19]} 8. d4 {[%clk 0:15:24]}  Nbd7 {[%clk 0:12:43]} 9. Nc3 {[%clk 0:15:27]}  Rc8 {[%clk 0:08:29]} 10. Rc1 {[%clk 0:13:57]}  c5 {[%clk 0:07:31]} 11. Ne1 {[%clk 0:14:50]}  Re8 {[%clk 0:06:48]} 1/2-1/2